Quais são as 20 maiores cidades de França - Statistics

Estatísticas Gerais
  • Esse quiz foi jogado 96 vezes
  • A pontuação média é 8 de 20
Estatísticas das Respostas
Hint Resposta % Correto
1 Paris
100%
3 Lyon
88%
2 Marseille
70%
5 Nice
66%
9 Bordeaux
57%
6 Nantes
53%
10 Lille
52%
4 Toulouse
48%
8 Strasbourg
43%
7 Montpellier
38%
13 Saint-Étienne
38%
11 Rennes
34%
12 Reims
30%
17 Dijon
18%
14 Le Havre
17%
18 Angers
14%
16 Grenoble
12%
15 Toulon
8%
19 Nîmes
6%
20 Villeurbanne
1%
Nenhum quiz correspondente encontrado
Distribuição das Pontuações
Porcentagem de Pessoas com Cada Pontuação
Percentil de Números Respondidos
Sua Pontuação Histórica
Você não jogou esse quiz